000 00650nam a2200181Ia 4500
008 100920s9999 xx 000 0 und d
082 _b69557
_a24 थ 96
100 _aसाने हेमा.
245 _aआपले हिरवे मित्र.
260 _bमधुराज पब्लिकेशन्स प्रायव्हेट लिमिटेड, पुणे 2.
_c1996
300 _a46
_bसाधी
365 _b22
520 _aसायो.
630 _aआपले हिरवे मित्र.
650 _aसायो.
730 _aआपले हिरवे मित्र.
942 _cBOOK
999 _c711704
_d711701